• 首页
  • 本馆介绍
  • 公告通知
  • 最新文献
  • 馆藏检索
  • 电子资源
  • 读者导购
  • 参考咨询
  • 我的图书馆
  • 登录
  • 详细信息显示
  • 放入我的书架
  • 预约/预借图书
  • 作者相关作品
  • 分类相关作品
  • 丛书相关作品
  • 出版社相关作品

书目信息

  • 表格格式
  • 工作单格式
  • 卡片格式
题名:
2009全国卫生专业技术资格考试训练题集及考题汇编
    
 
作者: ;全国卫生专业技术资格考试应试指南编委会 组编
分册:   护理学专业(护师)
出版信息: 北京   新世界出版社  2009
页数: 460页
开本: 26cm
丛书名:
单 册:
中图分类: R-44 , R47-44
科图分类:
主题词: 医学--考核--试题 , 护理学--考核--试题 , 医学 , 护理学
电子资源:
ISBN: 978-7-80228-848-5
000 01124nam0 2200265 450
001 2370375699
005 20231213160311.72
010    @a978-7-80228-848-5@dCNY 60.00
100    @a20090326d2009 em y0chiy0120 ea
101 0  @achi
102    @aCN@b110000
105    @ay q 000yy
200 1  @a2009全国卫生专业技术资格考试训练题集及考题汇编@A2009 quan guo wei sheng zhuan ye ji shu zi ge kao shi xun lian ti ji ji kao ti hui bian@i护理学专业(护师)@b专著@f全国卫生专业技术资格考试应试指南编委会组编
210    @a北京@c新世界出版社@d2009
215    @a460页@d26cm
330    @a全书分三部分编写。第一部分为同步训练,以大纲要求的单元为单位设题,重在基础训练。第二部分为强化训练,以篇为单位设题,重在强化掌握复习内容;第三部分为考题汇编,收录了历年考试题目,供复习参考。
606 0  @a医学@x考核@x试题
606 0  @a护理学@x考核@x试题
606 0  @a医学
606 0  @a护理学
690    @aR-44@v5
690    @aR47-44@v5
711 0  @a全国卫生专业技术资格考试应试指南编委会@Aquan guo wei sheng zhuan ye ji shu zi ge kao shi ying shi zhi nan bian wei hui@4组编
801  2 @aCN@b辽宁北配@c20231205
905    @aBZT@dR-44@e12:1
    
    2009全国卫生专业技术资格考试训练题集及考题汇编.护理学专业(护师)/全国卫生专业技术资格考试应试指南编委会组编.-北京:新世界出版社,2009
    460页;26cm
    
    
    ISBN 978-7-80228-848-5:CNY 60.00
    全书分三部分编写。第一部分为同步训练,以大纲要求的单元为单位设题,重在基础训练。第二部分为强化训练,以篇为单位设题,重在强化掌握复习内容;第三部分为考题汇编,收录了历年考试题目,供复习参考。
●
相关链接 在五车中查询图书 在当当中查询图书 在豆瓣中查询图书


正题名:2009全国卫生专业技术资格考试训练题集及考题汇编     索取号:R-44/12:1         预约/预借

序号 登录号 条形码 馆藏地/架位号 状态 备注
1 2001531993   2001531993   319书库/ [索取号:R-44/12:1] 在馆    
2 2001531994   2001531994   319书库/ [索取号:R-44/12:1] 在馆    
3 2001531995   2001531995   319书库/ [索取号:R-44/12:1] 在馆    
4 2001531996   2001531996   319书库/ [索取号:R-44/12:1] 在馆    
5 2001531997   2001531997   319书库/ [索取号:R-44/12:1] 在馆    
6 2001531998   2001531998   319书库/ [索取号:R-44/12:1] 在馆    
7 2001531999   2001531999   319书库/ [索取号:R-44/12:1] 在馆    
8 2001532000   2001532000   319书库/ [索取号:R-44/12:1] 在馆    
9 2001532001   2001532001   319书库/ [索取号:R-44/12:1] 在馆    
10 2001532002   2001532002   319书库/ [索取号:R-44/12:1] 在馆    
11 2001532003   2001532003   319书库/ [索取号:R-44/12:1] 在馆    
12 2001532004   2001532004   319书库/ [索取号:R-44/12:1] 在馆    
13 2001532005   2001532005   319书库/ [索取号:R-44/12:1] 在馆    
14 2001532006   2001532006   319书库/ [索取号:R-44/12:1] 在馆    
15 2001532007   2001532007   319书库/ [索取号:R-44/12:1] 在馆    
16 2001532008   2001532008   319书库/ [索取号:R-44/12:1] 在馆    
17 2001532009   2001532009   215主题书屋/233/ [索取号:R-44/12:1] 在馆    
18 2001532010   2001532010   215主题书屋/215室1架3层3列/ [索取号:R-44/12:1] 在馆    
19 2001532011   2001532011   215主题书屋/215室1架3层3列/ [索取号:R-44/12:1] 在馆    
20 2001532012   2001532012   215主题书屋/215室1架3层3列/ [索取号:R-44/12:1] 在馆    
21 2001532013   2001532013   215主题书屋/215室1架3层3列/ [索取号:R-44/12:1] 在馆    
22 2001532014   2001532014   215主题书屋/215室1架3层3列/ [索取号:R-44/12:1] 在馆    
23 2001532015   2001532015   第四书库/197/ [索取号:R-44/12:1] 在馆    
24 2001532016   2001532016   第四书库/197/ [索取号:R-44/12:1] 在馆    
25 2001532017   2001532017   第四书库/197/ [索取号:R-44/12:1] 在馆    
26 2001532018   2001532018   第四书库/197/ [索取号:R-44/12:1] 在馆    
27 2001532019   2001532019   第四书库/197/ [索取号:R-44/12:1] 在馆    
28 2001532020   2001532020   第四书库/197/ [索取号:R-44/12:1] 在馆    
29 2001532021   2001532021   第四书库/197/ [索取号:R-44/12:1] 在馆    
山东省滨州职业学院图书馆 欢迎您!
大连网信软件有限公司© 版权所有